[Event "Norway Chess 4th"]
[Site "Stavanger"]
[Date "2016.04.27"]
[Round "7"]
[White "Carlsen, Magnus"]
[Black "Kramnik, Vladimir"]
[Result "1-0"]
[WhiteElo "2851"]
[BlackElo "2801"]
[Annotator "Marin,Mihail"]
[PlyCount "99"]
[EventDate "2016.04.19"]
[EventType "tourn"]
[EventRounds "9"]
[EventCountry "NOR"]
[EventCategory "21"]
[SourceTitle "CBM 172"]
[Source "ChessBase"]
[SourceDate "2016.05.12"]
[SourceVersion "1"]
[SourceVersionDate "2016.05.12"]
[SourceQuality "1"]

1. d4 d5 2. c4 e6 3. Nc3 Nf6 4. cxd5 exd5 5. Bg5 c6 6. e3 Bf5 7. Qf3 Bg6 8. Bxf6 Qxf6 9. Qxf6 gxf6 {Kramnik had played this strategically slightly risky variation before. Since the Berlin Ruy Lopez is his main weapon against 1.e4, it is no great wonder that against 1.d4 he does not have doubled pawns either. But on the other hand the pawns are less compact here and secondly accepting weaknesses against a subtle positional player like Carlsen looks a bit like waving a red flag in the front of a bull.} 10. Nf3 Nd7 11. Nh4 Be7 {This is the main line, preparing to meet f2-f4 with ...f7-f5.} (11... Nb6 12. f4 f5 13. Bd3 Nc4 14. Bxc4 dxc4 15. a4 $14 {½-½ (31) Williams,S (2439)-Hawkins,J (2563) London 2015}) (11... O-O-O $6 12. f4 h5 13. Kf2 Re8 14. f5 Bh6 15. fxg6 Bxe3+ 16. Kf3 Bxd4 17. g7 Rhg8 18. Nf5 $18 {Bareev,E (2636)-Gorman,D (2289) Philadelphia 2009 (1-0, 40)}) 12. Ne2 $5 $146 {An early novelty connected with a deep regrouping plan. Actually the last move is logical since it prepares to invade f5 before Black carries out the standard knight manoeuvre to d6.} ({Kramnik's previous games went} 12. g3 Nb6 13. O-O-O (13. Kd2 Nc8 14. Bd3 Nd6 15. b3 O-O-O 16. f3 Rhe8 17. Rac1 Kb8 18. Ne2 Nc8 19. Nf4 Bb4+ 20. Ke2 Nd6 21. g4 Re7 $11 {Ivanisevic,I (2653)-Kramnik,V (2777) Berlin 2015 (0-1, 53)}) 13... Nc8 14. Bd3 Nd6 15. Kc2 Kd7 16. f3 Bxd3+ 17. Kxd3 f5 18. Ng2 h5 19. h4 Rag8 20. Rh3 Ne8 21. Ke2 Bd6 22. Kf2 Nf6 23. Ne2 a5 $11 {Ding,L (2730)-Kramnik,V (2760) Moscow 2014 (½-½, 41)}) 12... Nb6 {Since the knight will not reach d6 in time, this move is now connected woth a queenside plan which will prove illusory, though.} (12... f5 13. g3 Nb6 14. Nf4 Nc8 15. f3 Nd6 16. Bd3 $14 {[%cal Ge1f2,Gh1c1,Gb2b4,Ga2a4]  f2, b4}) ({I have tried making work the break ...c6-c5 by transferring the knight to e6, but this does not seem to be entirely satisfactory either:} 12... Bb4+ 13. Kd1 O-O-O 14. Ng3 Nf8 15. Ngf5 Ne6 16. Bd3 Ba5 17. Ke2 (17. Kc2 c5 {[%cal Gg6c2]}) 17... Rhe8 18. g3 Bb6 19. Rad1 Kb8 {[%cal Ge6d4]} (19... Bh5+ 20. f3 Nxd4+ 21. Nxd4 Bxd4 22. Bf5+ $1 $18) 20. Kf1 (20. b4 Bh5+ 21. f3 Nxd4+) 20... c5 21. dxc5 Nxc5 (21... Bxc5 22. Kg2 d4 23. e4 $14) 22. Kg2 (22. Bc2 Ne6 23. Kg2 d4 24. e4 $6 Nc5 $36) 22... Nxd3 23. Rxd3 Re5 24. g4 (24. Nxg6 hxg6 25. Nd4 Re4) 24... h5 25. h3 $14) 13. Ng3 $14 Bb4+ (13... Nc8 14. f4 $16 h6 15. f5 {leaves the light-squared bishop out of play for the rest of the game.}) 14. Kd1 Na4 15. Ngf5 $1 {During the game I was not sure about the meaning of this regrouping. At first sight, the knights are clumsily placed, being neutralised by one bishop. Everything became clear a few moves later.} Kd7 $146 (15... Nxb2+ 16. Kc2 Nc4 17. Bxc4 dxc4 18. Rhb1 $16) ({RR} 15... b5 16. Rb1 a5 17. Bd3 Kd7 18. Ke2 Rhe8 19. g4 Nb6 20. Ng2 Nc4 21. Nf4 Kc7 22. Nh5 Bxh5 23. gxh5 Bf8 24. h6 Nd6 25. Ng7 Bxg7 26. hxg7 f5 27. Rhg1 Rg8 28. Rg5 h6 29. Rh5 Rxg7 30. Rxh6 {Koustav,C (2508)-Mitrabha,G (2487) New Delhi IND 2022 ½-½ (59)}) ({RR} 15... O-O-O 16. Rb1 Kb8 17. Bd3 Rhg8 18. Ke2 Bh5+ 19. f3 Ba5 20. Bc2 Bg6 21. g4 b5 22. Bxa4 bxa4 23. Nxg6 fxg6 24. Ne7 Kb7 25. Rhc1 Bc7 26. Nxg8 Rxg8 27. b3 a3 28. b4 a6 29. Rb3 Bxh2 30. Rh1 {Karavade,E (2409)-Nandhidhaa,P (2151) Chennai 2016 1-0 (43)}) 16. Rb1 Ke6 $6 {As it turns out in the game, the king is exposed on e6.} (16... Rhc8 $5 17. Bd3 Bf8 (17... Bd6 18. Ke2 a6 19. g4 c5 20. Nxd6 Kxd6 21. Nf5+ $16) 18. Ke2 a6 19. g4 c5 20. Ng2 Bd6 21. h4 (21. Nxd6 Kxd6 22. Nh4 {would practically lose a tempo over the previous line.} cxd4 23. exd4 Rc6) 21... h5 22. f3 Rc6 23. gxh5 Bxh5 24. Nxd6 Kxd6 25. Nf4 Rh8 26. Bc2 Nb6 27. dxc5+ Rxc5 28. Bb3 $14) 17. Bd3 Rhc8 18. Ke2 Bf8 19. g4 c5 $6 {This only creates new weaknesses and no counterplay at all.} (19... Kd7 $5) 20. Ng2 $3 $16 {[%cal Gh2h4,Gg2f4] The core of Carlsen's whole opening plan. Suddenly Black loses stability in several sectors of the board.} cxd4 21. exd4 Bd6 {[%csl Gf4]} 22. h4 h5 $2 {This loses a pawn leading to a hopeless position.} ({But it is virtually impossible to decide upon a passive move like} 22... Rh8 $8 {[%csl Gh7] defending the h7-pawn.} 23. h5 Bxf5 24. Bxf5+ Ke7 25. Ne3 Nb6 26. Kf3 h6 27. Rhe1 Kd8 28. Rbc1 $16 {Black's position looks awful, but White still needs to prove he has a winning plan.}) 23. Ng7+ Ke7 24. gxh5 Bxd3+ 25. Kxd3 $18 {The control over the f5-square and the threatening h-pawns make Black's position hopeless.} Kd7 26. Ne3 Nb6 27. Ng4 $5 {Even though one of the knights belongs to f5, Carlsen's "rodeos" are impressive at least optically.} Rh8 28. Rhe1 {Playing cat and mouse a bit.} ({There was nothing wrong with} 28. Nxf6+ Ke7 29. Ng4) 28... Be7 29. Nf5 Bd8 30. h6 Rc8 31. b3 {[%csl Gb6]} Rc6 32. Nge3 Bc7 33. Rbc1 Rxc1 34. Rxc1 Bf4 35. Rc5 Ke6 36. Ng7+ Kd6 37. Ng4 Nd7 38. Rc2 f5 {A desperate move, which loses a pawn for nothing.} (38... a6 39. Re2 {[%cal Ge2e8]}) (38... Ke7 39. Re2+ Kd8 40. Re8+ $5 (40. Nf5 $18) 40... Rxe8 41. Nxe8 Bxh6 42. Nexf6 Nxf6 43. Nxf6 $18 {[%csl Gd5]}) 39. Nxf5+ Ke6 40. Ng7+ {[%csl Gf5,Gf6] As we see, 38...f5 did not clear space for the black king at all.} Kd6 41. Re2 Kc6 42. Re8 Rxe8 (42... Rh7 43. Nf5 {[%csl Gh7]}) 43. Nxe8 Nf8 44. Ne5+ Bxe5 45. dxe5 Kd7 46. Nf6+ Ke6 47. h5 Kxe5 48. Nd7+ Nxd7 49. h7 Nc5+ 50. Ke2 {A fantastic game by Carlsen and the ugliest defeat of Kramnik I can remember.} 1-0

[Event "Norway Chess 4th"]
[Site "Stavanger"]
[Date "2016.04.29"]
[Round "9"]
[White "Carlsen, Magnus"]
[Black "Eljanov, Pavel"]
[Result "1-0"]
[WhiteElo "2851"]
[BlackElo "2765"]
[Annotator "Marin,Mihail"]
[PlyCount "69"]
[EventDate "2016.04.19"]
[EventType "tourn"]
[EventRounds "9"]
[EventCountry "NOR"]
[EventCategory "21"]
[SourceTitle "CBM 172"]
[Source "ChessBase"]
[SourceDate "2016.05.12"]
[SourceVersion "1"]
[SourceVersionDate "2016.05.12"]
[SourceQuality "1"]

1. d4 d5 2. c4 e6 3. Nf3 Nf6 4. g3 Bb4+ 5. Bd2 Be7 6. Bg2 O-O 7. O-O c6 8. Qc2 Nbd7 9. a4 $5 {A highly original and virtually unexplored plan, typical for Carlsen. The structure resulting after Black's natural anwer is supposed to be completely inoffensive, but Magnus had his own views about it.} a5 {.} 10. Rc1 {Another mysterious move. White increases his pressure on a file which is not likely to open soon, as with the actual structure cxd5 can always be answered with ...exd5. Carlsen's strategic vision goes as usual much deeper than the obvious. He reckons with the fact that in order to complete his development Black will have to play ...b7-b6 and then cxd5 would force ...cxd5, opening the c-file, which he occupies in advance. His queen's knight will then be transferred to b5, a square which has become available after the unusual insertion of a2-a4 and ...a7-a5. The only question remaining open is whether Black has to rush to completie his development at all, as White does not have a clear plan in the actual structure. Other moves have been tried in practice, offering White a slight edge.} (10. Na3 Ne4 11. Be3 f5 12. Ne1 g5 13. f3 Nd6 14. Nd3 $14 {Hertneck,G (2572)-Bareev,E (2719) Germany 2002 (½-½, 61)}) (10. Rd1 {is not without a point either:} Ne4 11. Be1 f5 12. Nfd2 Ndf6 13. Nxe4 Nxe4 14. Nd2 Bd6 15. Nxe4 {½-½ Ljubojevic,L (2580)-Jussupow,A (2610) Linares 1989} fxe4 16. f3 exf3 17. exf3 $14 {[%cal Gf3f4] The usefulness of the d1-rook becomes obvious after} e5 $2 18. cxd5 cxd5 19. dxe5 Bxe5 20. f4 $18 {[%csl Gd5]}) 10... Ne4 $146 {An active but also committal move. After allowing the knight contact Black allows his opponent to open the centre which can be dangerous due to his undeveloped queenside.} ({In a previous game Black kept a neutral policy inviting White to show his cards.} 10... h6 11. Be1 b6 (11... Re8 12. Nbd2 {[%cal Ge2e4]}) 12. cxd5 cxd5 13. Nc3 Bb7 14. Nb5 {White has an optical advantage but Black will gradually manage to equalise due to the almost symmetrical structure:} Rc8 15. Qd1 Rxc1 16. Rxc1 Qb8 17. Bd2 Rc8 18. Bf4 Rxc1 19. Qxc1 Qc8 20. Qxc8+ Bxc8 21. Ne5 Nxe5 22. Bxe5 Ne8 23. e3 Bd7 {Sandipan,C (2608)-Meier,G (2668) Dresden 2012 (½-½, 23)}) 11. Be1 {In the similar games above White preferred transferring the bishop to e3, which looks more active. Carlsen has his own views: he intends to use his bishops on the e1-a5 and f1-a6 diagonals, putting pressure on the enemy queenside, a plan which will work miracles in the game.} ({RR} 11. Ne1 Nd6 12. Na3 b6 13. cxd5 cxd5 14. b4 axb4 15. Bxb4 Ba6 16. e3 Nc4 17. Qb3 Ra7 18. Nb5 Bxb5 19. axb5 Rxa1 20. Rxa1 Bxb4 21. Qxb4 Na5 22. Nd3 Qb8 23. Qe7 Qd8 24. Qb4 Qb8 25. Qe7 Qd8 {So,W (2812)-Karjakin,S (2781) Paris 2017 0-1 (54)}) 11... f5 12. Nbd2 ({RR} 12. Nc3 g5 13. e3 Bd6 14. Na2 g4 15. Nh4 Qe7 16. Rab1 Ndf6 17. b4 axb4 18. Nxb4 Bd7 19. Nd3 Ra7 20. Bb4 Rfa8 21. Bxd6 Nxd6 22. c5 Nf7 23. Rb4 e5 24. dxe5 Nxe5 25. Nxe5 Qxe5 26. Bf1 Ne4 {Xie,F (2364)-Damjanovic,V (2377) Budapest HUN 2025 ½-½}) ({RR} 12. Nc3 Bd6 13. Na2 g5 14. b4 g4 15. Nd2 axb4 16. Nxe4 dxe4 17. Nxb4 c5 18. dxc5 Bxc5 19. Rd1 Qe7 20. Qb2 Nb6 21. Qb3 Bd7 22. a5 Nc8 23. Nc2 Bc6 24. Bb4 Bxb4 25. Nxb4 Qc5 26. Nxc6 bxc6 {Jumabayev,R (2630)-Eljanov,P (2663) Douglas 2019 ½-½ (93)}) 12... Bd6 13. e3 Ra7 $146 {Preparing ...b7-b6.} (13... b6 $2 14. cxd5 cxd5 15. Qc6 Ba6 16. Nxe4 fxe4 17. Qxd6 exf3 18. Bh3 $18) ({The main alternative was ignoring the queenside development and launching the typical kingside attack with} 13... g5 14. Nb3 {[%csl Ga5]} ({Black may have feared the opening of the centre with} 14. Nxe4 fxe4 15. Nd2 {[%cal Gf2f3] followed by f2-f3, but} g4 16. Nb3 {[%csl Ga5]} Bc7 {[%cal Gd8f6] keeps the position more or less blocked.}) 14... g4 (14... b6 $2 15. cxd5 cxd5 16. Nxg5 $3 Qxg5 17. Bxe4 fxe4 18. Qc6) (14... f4 15. exf4 gxf4 16. Qe2 {[%cal Gb3d2]}) (14... Bc7 15. Nfd2 Qf6 16. f4 Kh8) 15. Nfd2 Ng5 {and Black has nothing to complain about.}) ({RR} 13... g5 14. Nxe4 fxe4 15. Nd2 g4 16. Nb1 Nf6 17. Nc3 h5 18. Ne2 Nh7 19. Nf4 Ng5 20. b4 Nf3+ 21. Bxf3 gxf3 22. h4 Qd7 23. Bd2 Bxf4 24. exf4 e5 25. Qd1 exf4 26. cxd5 fxg3 27. Be3 Qh3 {0-1 (27) Saulin,D (2369)-Makarian,R (2361) Moscow 2018}) ({RR} 13... Qe7 14. Nb3 Bc7 15. Nfd2 Ndf6 16. Nf3 Nd7 17. Rab1 g5 18. Nfd2 g4 19. Nf1 Ndf6 20. cxd5 exd5 21. Nc5 Nxc5 22. Qxc5 Qxc5 23. Rxc5 Be6 24. Nd2 Bd6 25. Rcc1 Ra7 26. Nb3 Rfa8 27. Rc2 f4 28. gxf4 {Dobrov,V (2478)-Hansen,E (2606) Chess.com INT 2021 0-1 (56)}) 14. Qd1 b6 15. cxd5 cxd5 16. Nb1 $1 {[%csl Gb5] After having provoked the weakening of the e5-square, the knight switches to the newly created path.} Ba6 ({Black has no time to carry out a similar regrouping:} 16... Nb8 17. Na3 Na6 $2 18. Nb5 Ra8 19. Nxd6 Qxd6 20. Ne5 $16) 17. Na3 Qa8 {Black anticipates the exchange on b5 by defending the c6-square against the invasion of the white rooks.} ({Even though} 17... Bxa3 18. Rxa3 Rc7 {0-1 Gheorghiu,F (2530)-Jussupow,A (2590) WchT 1st Luzern 1985 (1) looks very committal, the following classical example (true, White played very passively) shows that White's dark-squared bishop can easily turn into a bad one.}) ({The problem with the game move is that after the general exchange of rooks the queen could be left hanging.} 17... Qb8 {would solve this problem but White could use the c6-square for gaining time:} 18. Nb5 Bxb5 19. axb5 Rc8 20. Qa4 $1 (20. Bf1 {is neutralised by} Rac7) 20... Rac7 21. Rc6 Qb7 22. Bf1 Nb8 ({A necessary passive move since} 22... Rxc6 23. bxc6 Rxc6 {loses material to} 24. Ba6 $1 Qc7 25. Bb5 $18 {[%csl Rd7]}) 23. Rxc7 Qxc7 24. b4 axb4 25. Bxb4 Nd7 26. Ne1 $14 {[%cal Ge1d3,Rd3b4,Rd3f4,Yf2f3] With hindsight, this might have been a lesser evil than in the game, though.}) 18. Nb5 Bxb5 19. axb5 Rc8 20. Bf1 {Completing a regrouping probably planned by Carlsen when he retreated with his other bishop to e1. The bishops are only apparently biting on granit as will soon be revealed.} (20. Rxc8+ Qxc8 21. b4 {is premature due to} a4 22. Rxa4 (22. Ra3 Qa8 23. Qa1 g5 $15) 22... Rxa4 23. Qxa4 Qc1 $132 {The extra pawn does not count yet and Black's activity is annoying.}) 20... Rxc1 ({With the queen on a8} 20... Rac7 {does not work due to} 21. Rxc7 Rxc7 22. b4) 21. Rxc1 Rc7 22. Rxc7 Bxc7 {Black has exchanged all the rooks under less favourable circumstances than he would have wished to. The bishop's absence from the a3-f8 diagonal allows White to play b2-b4 without exchanging bishops at once. Black will have to lose additional time to achieve that.} 23. Qa4 Qb8 (23... g5 24. b4 g4 25. Nd2 Nxd2 26. Bxd2 Qd8 27. bxa5 bxa5 28. Bd3 $14) 24. b4 axb4 25. Bxb4 {The bishop pair together with the weaknesses on e6, c6 and b6, ensure White a long term advantage.} h6 {Black eliminates the potential threat g5 (as he might wish to play ...d6 followed by ...xd6) and ensures himself against back rank problems.} (25... g5 $6 {weakens the position too much.} 26. Qc2 Bd6 27. Qc6 {[%csl Ge6,Gg5] The hanging g5-pawn creates irreparable problems for Black.} Ndf6 28. Bxd6 Qxd6 29. Nxg5 $3 $18 Qxc6 30. bxc6 {[%cal Gg5e6,Gf1a6,Gc6c8]} Nxg5 31. c7 $18) (25... Bd6 26. Bxd6 Qxd6 (26... Nxd6 27. Qc2 $16 {[%cal Gc2c6]}) 27. Qa8+ Kf7 28. Qc6 $16) 26. Qc2 Bd6 27. Qc6 $6 {This apparently deadly blow allows Black some surprising counterplay which Eljanov will fail to find.} (27. Bxd6 $1 Qxd6 28. Qc6 Kf7 (28... Qxc6 29. bxc6 Ndf6 30. c7 Nd6 31. Ba6 $18) 29. Qb7 $16) 27... Ndf6 ({Missing the far from obvious} 27... Qa7 $1 {[%csl Gf2]} 28. Bxd6 (28. Be1 Kf7 29. Nd2 $14 {may be a better try, but this obviously is playable for Black while in the game he was just lost.}) 28... Qa2 $1 $11 29. Bg2 Qa1+ 30. Bf1 Qb2 31. Kh1 Nxf2+ (31... Qxf2 $2 32. Bg2 $18 {[%csl Ge1,Gf1,Gg1]}) 32. Kg2 Ne4+ 33. Kh3 $6 Ng5+ 34. Nxg5 hxg5 35. g4 (35. Qxd7 g4+ 36. Kh4 Qxh2+ 37. Kg5 Qh6#) 35... Qf2 $36) 28. Bxd6 Qxd6 (28... Nxd6 29. Ne5 $16) 29. Qc8+ Kh7 30. Ne5 Qe7 ({Black needs to controll f7 as after} 30... Nd2 31. Bd3 Nde4 {White gets a decisive attack with} 32. Nf7 Qe7 33. Qh8+ Kg6 34. Ne5+ Kh5 35. Be2+ $18) 31. Qc6 Ng4 $6 {Speeding up the defeat.} ({If} 31... Qd6 {White can create an original zugzwang with} 32. Kg2 $3 Qxc6 (32... Kg8 33. Qc8+ Kh7 34. Nf7 $18 {[%csl Rd6][%cal Gc8h8,Gf7e5]}) (32... Ng8 33. Nd7 $18 {[%csl Gb6]}) 33. bxc6 Ne8 34. Nd7 $18 {[%csl Gb6]}) 32. Nxg4 fxg4 33. Bd3 g6 34. Bxe4 dxe4 35. Qxb6 1-0

[Event "Bilbao Masters 9th"]
[Site "Bilbao"]
[Date "2016.07.14"]
[Round "2"]
[White "Wei, Yi"]
[Black "Carlsen, Magnus"]
[Result "0-1"]
[WhiteElo "2696"]
[BlackElo "2855"]
[Annotator "ChessBase"]
[PlyCount "120"]
[EventDate "2016.07.13"]
[EventType "tourn"]
[EventRounds "10"]
[EventCountry "ESP"]
[EventCategory "22"]
[SourceTitle "CBM 174"]
[Source "ChessBase"]
[SourceDate "2016.09.13"]
[SourceVersion "1"]
[SourceVersionDate "2016.09.13"]
[SourceQuality "1"]

1. d4 g6 2. e4 Bg7 3. Nc3 d6 4. Be3 a6 {The Swedish GM Tiger Hillarp-Persson wrote a voluminous book on this opening which recently appeared in a new, revised edition.} 5. f4 b5 6. Nf3 Nd7 (6... Bb7 7. Bd3 Nf6 8. e5 Ng4 9. Bd2 c5 10. dxc5 dxe5 11. h3 Nf6 12. fxe5 Nfd7 13. e6 fxe6 14. Ng5 Nxc5 15. Qe2 Nc6 16. Nxe6 Nxe6 17. Qxe6 Ne5 18. O-O Qd7 $11 {0-1 (50) Zelbel,P (2450)-Hillarp Persson,T (2541) Gothenburg 2015}) 7. e5 Bb7 8. Bd3 c5 (8... Nh6 9. Qe2 Nb6 10. O-O-O Qd7 11. h3 Nf5 12. Bf2 e6 13. Kb1 Ne7 14. Be3 Ned5 15. Nxd5 Bxd5 16. Rhf1 b4 17. g4 O-O 18. f5 Na4 {0-1 (36) Byklum, B (2275)-Hillarp Persson,T (2557) Stockholm 2006} 19. f6 $5 $16) 9. Be4 Bxe4 (9... Qc8 10. Bxb7 Qxb7 11. dxc5 dxe5 12. Qd5 Qxd5 13. Nxd5 Rc8 14. Nb6 Nxb6 15. cxb6 Nf6 16. O-O-O Ng4 17. Rhe1 Nxe3 18. Rxe3 Bh6 $11 {0-1 (53) Mortensen,E (2450)-Hillarp Persson,T (2461) Denmark 2003}) 10. Nxe4 Nh6 11. dxc5 dxe5 (11... Ng4) 12. c6 Nf6 13. Qxd8+ Rxd8 14. Nxf6+ exf6 15. c7 Rc8 16. Bb6 Kd7 {This kind of position should suit Carlsen. After an early exchange of queens White's far advanced pawn on c7 is vulnerable.} 17. Ba5 Nf5 18. O-O-O+ Kc6 {All this has been played before.} 19. Rd8 (19. Rd3 Nd6 {and now 1/2-1/2 (19) in Tan,J (2322)-Buchal,S (2296) Haarlem 2013 - a bit premature.}) 19... Nd6 20. fxe5 fxe5 21. Rd1 Nc4 22. Bc3 Rxc7 (22... b4 23. Bxb4 e4 24. Nd4+ Kxc7 25. Rxh8 Bxh8 26. Bc3 Be5 $11) 23. b3 Ne3 24. Bxe5 (24. R1d6+ Kb7 25. R8d7 Kc8 26. Rxc7+ Kxc7 27. Rxa6 Rc8 28. Ba5+ Kb7 29. Rb6+ Ka7 30. Rd6 Nxc2 $15) 24... Nxd1 $146 ({RR} 24... Rxd8 25. Rxd8 Bxe5 26. Nxe5+ Kb7 27. Rd2 f5 28. g3 Re7 29. Nd3 a5 30. c3 Kc6 31. Re2 g5 32. Re1 Nd5 33. Rxe7 Nxe7 34. c4 bxc4 35. bxc4 Kd6 36. Kd2 Nc6 37. h4 h6 38. hxg5 hxg5 39. Kc3 {Vokhidov,S (2364)-Bodnaruk,A (2465) Baku 2016 ½-½ (54)}) 25. Rd6+ (25. Bxc7 Nc3 26. Rxh8 Nxa2+ 27. Kd2 Bc3+ 28. Kd3 Bxh8 29. Ba5 {and Black is a pawn up.}) 25... Kb7 26. Bxg7 Rg8 27. Bd4 Nc3 {At the moment Black is an exchange up - however, he has to part with some material.} 28. Rb6+ Kc8 29. Be5 {Now White regains the exchange.} Rd8 30. Kb2 ({But not} 30. Bxc7 $2 Kxc7 31. Rxa6 Rd1+ 32. Kb2 b4 {and White is caught in a mating net.}) 30... Nd5 31. Bxc7 Kxc7 32. Rxa6 {Now White is a pawn up but his rook is awkwardly placed and White has to return the pawn.} Kb7 33. Ra3 {White wants to keep his extra-pawn.} (33. Ra5 Kb6 34. b4 Nxb4 35. Ra3 $11 {leads to an equal position.}) 33... Ne3 {Typical Carlsen. Only a few pieces remain on the board but he manages to exert enormous pressure.} 34. c4 ({After} 34. g3 {follows} Nd1+ 35. Kc1 Nc3 {and Black again threatens} 36. Z0 Rd1+ 37. Kb2 b4 38. Ra5 Rb1#) 34... bxc4 35. Ne5 $2 {Not the best. The World Champion will now advance his c-pawn to reach the first rank for a touchdown.} (35. bxc4 $4 Nxc4+) (35. b4 Nd5 36. Ra5 Ne3 37. a4 Nxg2 38. Ne5 Ne3 39. Rc5 $11) (35. Ra4 cxb3 36. Rb4+ Kc6 37. Rxb3 Nc4+ (37... Nxg2 38. Ne5+) 38. Kc2 Ra8 39. Rc3 Kb5 40. Rb3+ Kc5 41. Rc3 $11) 35... Rd2+ 36. Kc3 (36. Kc1 c3 37. Z0 {und} Rd1#) 36... Rc2+ 37. Kd4 Nf5+ 38. Kd5 c3 39. Kc5 Nd6 $1 40. Nc6 {White is still in the game. He threatens to win a piece with Ra7+.} (40. Kxd6 $2 Rd2+ 41. Ke7 c2 {and the pawn queens.}) 40... Ne4+ ({After} 40... Kc7 41. Nb4 (41. Ra7+ Nb7+ $19) 41... Rd2 (41... Rc1 42. Ra7+ Nb7+ 43. Kc4 c2 44. Kb5 $11) 42. Ra6 c2 43. Rc6+ {the position is objectively (engine) won for Black but subjectively (human) rather double-edged.} Kb7 (43... Kd7 $2 44. Kb6 {and White stopped the pawn.}) 44. Rb6+ Ka8 (44... Ka7 $4 45. Nc6+ Ka8 46. Rb8#) 45. Nc6 c1=Q+ {and Black queens with check.}) 41. Kb5 Kc7 42. Ra7+ Kd6 43. Ra4 $2 ({Besser} 43. Nb4 Rxg2 44. Rxf7 Rxh2 {and White can still fight for the draw.}) 43... f5 $19 44. Kb6 Rxg2 ({White threatened} 44... Z0 45. Rd4+ Ke6 46. Rxe4+ fxe4 47. Nd4+) 45. Rd4+ Ke6 46. a4 Ra2 ({Maybe it was better to play} 46... Rb2 {immediately.}) 47. a5 Rb2 48. Kc7 $5 (48. a6 c2 49. Rc4 Rxb3+ 50. Ka7 Nc3 $19) (48. b4 Nd6 $17 (48... c2 $2 49. Rc4)) 48... Nc5 $1 (48... c2 $2 49. Rc4 $11) (48... Rxb3 $4 49. Rxe4+ fxe4 50. Nd4+ $16) 49. Rc4 {[#]} Na6+ 50. Kb6 Rxb3+ 51. Kxa6 Kd5 {The point. The white rook is once again in trouble.} 52. Rb4 c2 53. Ne7+ Kc5 54. Rxb3 c1=Q 55. Rb6 Qc4+ 56. Kb7 Qe4+ 57. Nc6 Qd5 58. Kc7 Qd6+ 59. Kb7 Qd7+ 60. Kb8 f4 0-1